| 000 | 00643nam a22001937a 4500 | ||
|---|---|---|---|
| 999 |
_c174565 _d174565 |
||
| 005 | 20200623133800.0 | ||
| 010 | _aA-148410 | ||
| 020 |
_c45.00 _a- |
||
| 035 | _aA-148410 | ||
| 037 |
_bBPPD/PUB _a- |
||
| 082 | _a954.16 | ||
| 100 | _aمر تبہ:شر يف حسين قا سمی | ||
| 245 |
_aسير ا لمنا ز ل _cمر تبہ:شر يف حسين قا سمی |
||
| 246 |
_bSerulmanazil (Urdu) _aEdited by Shareef Hussain Qasmi |
||
| 260 |
_aN.Delhi _bGhalib Institute _c1982 ء |
||
| 270 |
_aAwane Ghalib Marg,New Delhi _bN.Delhi _e2 _k- _l- |
||
| 300 |
_a306 ص _c22 Cm(Hb) |
||
| 942 |
_2ddc _cUR _h954.16 _mب ی گ |
||